[Event "CAN-ch op"]
[Site "Ottawa"]
[Date "1998.07.18"]
[Round "8"]
[White "Tyomkin, Dimitri"]
[Black "Hergott, Deen"]
[Result "1-0"]
[WhiteElo "2465"]
[BlackElo "2370"]
[Annotator "Tyomkin,D"]
[PlyCount "53"]
[EventDate "1998.07.??"]
[EventType "swiss"]
[EventRounds "10"]
[EventCountry "CAN"]
[SourceTitle "CBM 066"]
[Source "ChessBase"]
[SourceDate "1998.09.30"]
[SourceVersion "1"]
[SourceVersionDate "1998.09.30"]
[SourceQuality "1"]

{The following game was very important step on my way win the Canadian Open
Championship.} 1. d4 e6 2. Nf3 c5 3. e3 Nf6 4. Bd3 b6 5. c4 Bb7 6. Nc3 Be7 7.
O-O O-O 8. d5 $1 {White gains the space in the center.Otherwise black would
play d6-d5.The same idea is shown in Petrosian variation:1.d4 Nf6 2.c4 e6 3.
Nf3 b6 4.a3 Bb7 5.Nc3 Be7?(the right way is 5...d5!)6.d5!with big advantage
for white.} exd5 9. cxd5 Nxd5 {Otherwise after 10.e4 black has two "dead"
bishops on b7 and e7.} 10. Nxd5 Bxd5 11. Bxh7+ Kxh7 12. Qxd5 Nc6 13. e4 $1 $146
{The most logical move in this position.White has tried different
continuations,but none of them caused black any serious problems.Let's see a
few examples:} (13. Bd2 Bf6 (13... f5 $5) 14. Bc3 Kg8 15. Qh5 Re8 16. Rad1 $14
{Dizdar,G-Plachetka,J/SVK-CRO 1996/1-0(27)}) (13. b3 g6 $2 (13... Bf6) 14. Bb2
Bf6 15. Bxf6 Qxf6 16. Qxd7 $16 {Legky,N-Polaczek,R/Antwerpen op 1996/1-0(39)})
(13. Rd1 Bf6 14. Qf5+ (14. Qxd7 Qxd7 15. Rxd7 Rad8 {with clear compensation
for black in this ending.}) 14... Kg8 (14... g6 15. Qh3+) 15. Rxd7 Qxd7 $1 16.
Qxd7 Rad8 17. Ne5 $3 Rxd7 18. Nxd7 Rd8 19. Nxf6+ gxf6 20. Kf1 Rd1+ 21. Ke2 Rh1
22. b3 $1 $14) 13... Qe8 {[%cal Ge7f6] This move looks very strange,but may be
that's the best what black has in this position!Now white has to prevent Bf6
which is black's idea.} (13... Bf6 $6 14. e5) (13... Nb4 14. Qh5+ Kg8 15. Bg5
g6 16. Qh4 Re8 17. e5 $1 $16) 14. Bf4 {[%cal Yf4b8]} (14. Bg5 $5) (14. Re1 $5)
14... f5 (14... Nb4 15. Qd2 f5 {transfers to the game.}) 15. exf5 Nb4 (15...
Qf7 {was a better try,but even in this case black is in deep troubles:} 16.
Qxd7 Qxf5 17. Qxc6 (17. Qxf5+ Rxf5 18. Be3 Bf6 19. Rab1 Rd8 $44) 17... Qxf4 18.
Rfe1 Bf6 19. Re2 $16 {[%csl Rh7]}) 16. Qd2 Rxf5 17. Rae1 Rd5 (17... Qf8 18.
Qxd7 Rxf4 19. Rxe7 Qf6 20. Rf7 $1 Qh6 21. Rxf4 Qxf4 22. a3 {winning the knight}
) 18. Qe3 Nd3 {[#]} {[%tqu "En","","","","f3g5","",10]} 19. Ng5+ $1 Bxg5 (19...
Kg8 20. Qe4 Rxg5 21. Bxg5 $18) 20. Qh3+ Bh6 (20... Kg6 21. Rxe8 Rxe8 22. Bxg5
Kxg5 23. Qf3 $1 {[%cal Gf3f7]} Ree5 24. Qf7 Kh6 25. g4 $1 g5 (25... Rg5 26. h3
{f2-f4}) 26. h4 {[%cal Gf2f4] f2-f4} Rd4 (26... Nf4 27. h5 {Qg8-h8} (27. Qf6+
Kh7 28. hxg5 $18)) 27. f4 $1 Nxf4 (27... Rxf4 28. hxg5+ Kxg5 29. Qg7+ $18) 28.
Rxf4 $1 Rxf4 29. hxg5+ Kxg5 30. Qh5+ Kf6 31. Qh6+) 21. Rxe8 Nxf4 (21... Rxe8
22. Bxh6 gxh6 23. Qf3 Ree5 24. Qf7+ Kh8 25. f4 Rf5 26. Qg6 $18) 22. Qe3 Nh3+
23. Qxh3 Rxe8 {[#]} {[%tqu "En","Find immediate win for white","Use the pin of
Bh6","","f2f4","wins immediatly.Black has no defence from g4-g5. Playing 19.
Ng5 I finished to calculate when I found this move.",10]} 24. f4 $1 {[%csl Rh6,
Rh7][%cal Gg2g4,Gg4g5] wins immediatly.Black has no defence from g4-g5.
Playing 19.Ng5 I finished to calculate when I found this move.} Re4 25. g4 g5
26. Qh5 Kg7 27. h4 1-0

[Event "Imre Konig Memorial 1st"]
[Site "San Francisco"]
[Date "2002.09.12"]
[Round "7"]
[White "Akobian, Varuzhan"]
[Black "Browne, Walter Shawn"]
[Result "1-0"]
[WhiteElo "2486"]
[BlackElo "2492"]
[Annotator "Wells,P"]
[PlyCount "78"]
[EventDate "2002.09.04"]
[EventType "tourn"]
[EventRounds "9"]
[EventCountry "USA"]
[EventCategory "12"]
[SourceTitle "CBM 092"]
[Source "ChessBase"]
[SourceDate "2003.02.06"]
[SourceVersion "1"]
[SourceVersionDate "2003.02.06"]
[SourceQuality "1"]

1. d4 Nf6 2. Nf3 e6 3. e3 b6 4. Bd3 Bb7 5. O-O c5 6. c4 Be7 7. Nc3 cxd4 8. exd4
d5 9. b3 Nc6 10. Be3 Rc8 11. Rc1 O-O 12. Qd2 Nb4 13. Be2 Ne4 14. Qb2 a6 15. a3
Nc6 16. Rfd1 Nxc3 17. Rxc3 Qd6 18. c5 $1 bxc5 19. dxc5 Qb8 20. Qb1 h6 21. b4 e5
$6 {[%csl Rd5,Rf5] It is easy to see how such an error arises. The strategic
battle is a rather well-defined contest between white's 3-1 queenside majority
with passed c-pawn, and black's 2-0 preponderance in the centre with his
passed d-pawn. White was threatening to further advance his rather mobile
little fellows and black felt a distinct sense of urgency. However, more
preparation was required, and perhaps the very importance of black's d-pawn as
the very lynchpin of his potential counterplay should have encouraged a more
cautious approach. In fact, since a6 is dropping, the only real objection to
this example might be that white's next move hardly involves a material
sacrifice at all!} 22. Rxd5 $1 Nd4 23. Nxd4 Bxd5 (23... exd4 24. Rxd4 Bf6 25.
Qf5 Rc6 26. Bd3 g6 27. Qg4 {also affords white too much direct attack.}) 24.
Nf5 $16 {[%csl Ra6,Re7,Rg7][%cal Gf3d4,Gd4f5] White is set to win a second
pawn for the exchange, his knight is transformed into a great piece (and he
next exchanges the light squared bishops which removes its only real
challenger. Note too that not for the last time, a well posted knight very
directly hassles pieces which find themselves on the surrounding squares of
opposite colour.} Rfe8 25. Bxa6 Rc6 26. Bc4 $1 Bxc4 27. Rxc4 Bg5 28. Qe4 Ra6
29. h4 Bxe3 30. Qxe3 Qa8 31. Rg4 {[%csl Rg7]} Rg6 32. Qg3 Kh7 33. h5 Rxg4 34.
Qxg4 Rg8 35. Nd6 {[%csl Rf7]} g6 36. Qf3 $1 {[%cal Gc5c6]} Qxf3 37. gxf3 gxh5+
38. Kh2 Rd8 39. b5 Kg6 1-0

[Event "RUS-Cup Final"]
[Site "Sochi"]
[Date "1997.09.19"]
[Round "3"]
[White "Yakovich, Yuri"]
[Black "Voitsekhovsky, Stanislav"]
[Result "1/2-1/2"]
[WhiteElo "2610"]
[BlackElo "2480"]
[Annotator "Yakovich,Y"]
[PlyCount "71"]
[EventDate "1997.09.17"]
[EventType "tourn"]
[EventRounds "11"]
[EventCountry "RUS"]
[EventCategory "13"]
[SourceTitle "CBM 062"]
[Source "ChessBase"]
[SourceDate "1998.01.31"]
[SourceVersion "1"]
[SourceVersionDate "1998.01.31"]
[SourceQuality "1"]

1. d4 Nf6 2. c4 e6 3. Nf3 b6 4. e3 Bb7 5. Bd3 Be7 6. Nc3 d5 7. O-O O-O 8. b3
dxc4 9. bxc4 c5 10. Bb2 cxd4 11. exd4 Nc6 12. Rc1 Rc8 13. Qe2 $5 Nb4 14. Bb1
Bxf3 15. gxf3 Nc6 {White has two bishops and advantage in the centre, but
Black can attack the white kingside} (15... Qxd4 16. Ne4 $1 (16. Nd5 $2 Qc5 $17
) 16... Qd8 17. Rfd1 (17. Nxf6+ $2 Bxf6 18. Rfd1 Qe7 $19) 17... Qc7 18. Nxf6+
gxf6 (18... Bxf6 19. Qe4) 19. Qe4 f5 20. Kh1 $1 $16 (20. Qd4 f6)) 16. d5 {
[%csl Re6,Rg7,Rg8,Rh7][%cal Yb2g7,Yb1h7]} Nd4 17. Qd3 Nf5 $1 {[%csl Rf2,Rf3,
Rg1,Rg2,Rh2][%cal Yf5h4,Yf6h5,Yh5f4,Ye7c5,Ye7d6,Yd8g5,Yg5h4]} (17... e5 18. f4
$18) (17... Bc5 18. Nb5 $16) 18. Rfe1 $1 Nh5 $1 19. Qe4 $5 (19. dxe6 fxe6 20.
Rxe6 Qxd3 21. Bxd3 Bg5 $15) 19... Nf6 $5 (19... g6 $5 20. dxe6 Nd6 21. exf7+ (
21. Qg4 Rxc4 (21... f5 22. Qd4 Rxc4 23. Qe5 Bf6 $2 24. e7 $18) 22. exf7+ Rxf7
23. Ne4 (23. Be4 $13) 23... Rxc1 24. Rxc1 $13) 21... Rxf7 22. Qe6 $2 (22. Qg4
Rxc4 23. Ne4 $13 (23. Be4 $13)) 22... Nf4 23. Qg4 h5 24. Qg3 Bh4 $19) 20. Qe2 (
20. Qd3 $11) 20... Bc5 (20... Nd4 $2 21. Qd3 $16) 21. dxe6 (21. Nb5 $2 Nh5 $17
{[%csl Rf2,Rf3,Rg1,Rg2,Rh2][%cal Rh5f4,Rd8g5,Rd8h4,Rf5h4]}) (21. Ne4 $6 Nxe4
22. fxe4 Nd4 23. Bxd4 (23. Qd3 e5 $17 {[%csl Rb1]}) 23... Bxd4 24. e5 $6 exd5
25. Qd3 (25. Bxh7+ Kxh7 26. Qd3+ Kg8 27. Qxd4 dxc4 $17) (25. Rcd1 Rxc4) (25.
cxd5 Qg5+) 25... Qh4) (21. Rcd1 $6 Nh5 $36) 21... Nd4 22. exf7+ Rxf7 23. Qd3 g6
{/\Nh5} 24. Ne2 $1 Rd7 $1 $11 {><d4} 25. Kh1 (25. Rcd1 $2 Nxf3+ $19) 25... Rc6
26. Nxd4 Bxd4 27. Bxd4 Rxd4 28. Qe3 Kg7 29. Qe7+ Kh6 30. Qxa7 $6 $138 (30. Qxd8
Rxd8 $11) 30... Rcxc4 $138 31. Rxc4 Rxc4 32. Qa3 Nh5 33. Qe3+ Nf4 34. Be4 Qf6
35. Rb1 Rd4 36. Rg1 $15 1/2-1/2